Súčasné spoločenské zmeny a ich vplyv na dopyt po službách bakalárska práca
Guardado en:
| Autor principal: | |
|---|---|
| Autor Corporativo: | |
| Otros Autores: | |
| Formato: | Libro |
| Lenguaje: | eslovaco |
| Publicado: |
Bratislava
2016
|
| Etiquetas: |
Sin Etiquetas, Sea el primero en etiquetar este registro!
|
MARC
| LEADER | 00000nbm a2200000 4500 | ||
|---|---|---|---|
| 001 | 0218782 | ||
| 005 | 20170126132942.7 | ||
| 041 | 0 | |a slo | |
| 044 | |a SK | ||
| 245 | 1 | 0 | |a Súčasné spoločenské zmeny a ich vplyv na dopyt po službách |b bakalárska práca |c Dominik Szabo ; školiteľ: Miroslava Čukanová |
| 264 | 1 | |a Bratislava |c 2016 | |
| 300 | |a 46 s. | ||
| 100 | 1 | |a Szabo, Dominik | |
| 700 | 1 | |a Čukanová, Miroslava, 1984- | |
| 710 | 2 | |a Obchodná fakulta EU. Katedra služieb a cestovného ruchu - zrušené | |